| 000 | 00786 a2200241 4500 | ||
|---|---|---|---|
| 003 | UA-OsUOA | ||
| 005 | 20201204104613.0 | ||
| 008 | 201109b un ||||| |||| 00| 0 rus d | ||
| 020 | _a9657088178 | ||
| 040 |
_aUA-OsUOA _bukr _cUA-OsUOA _dUA-OsUOA |
||
| 041 | _arus | ||
| 080 | _a821.161.1(569.4) | ||
| 090 |
_a821.161.1(569.4) _bК90 |
||
| 100 | _aКулинская Е. | ||
| 245 |
_aМеринговский сад _bстихи _cЕлена Кулинская |
||
| 250 | _aизд. 2, доп. | ||
| 260 |
_c2003 _aИерусалим |
||
| 300 | _a104 с. | ||
| 650 |
_2UDC _a821 Художня література |
||
| 942 |
_cBK _2udc |
||
| 955 | _a3 | ||
| 999 |
_c463775 _d463775 |
||